An analytical calculus for school and university. (Record no. 543727)

000 -LEADER
fixed length control field 00422cam a22001451 4500
082 ## - DEWEY DECIMAL CLASSIFICATION NUMBER
Classification number 515.1
Author Mark MAX
-- L-1 , P-6
100 1# - MAIN ENTRY--PERSONAL NAME
Personal name Maxwell, E. A.
9 (RLIN) 39206
245 13 - TITLE STATEMENT
Title An analytical calculus for school and university.
260 ## - PUBLICATION, DISTRIBUTION, ETC.
Place of publication, distribution, etc. Cambridge [Eng.]
Name of publisher, distributor, etc. University Press,
Date of publication, distribution, etc. 1954-57.
300 ## - PHYSICAL DESCRIPTION
Extent 4 v.
Other physical details illus.
Dimensions 22 cm.
526 ## - STUDY PROGRAM INFORMATION NOTE
Program name 0
Interest level 0
Reading level 0
Title point value 515_100000000000000_MAX
650 #0 - SUBJECT ADDED ENTRY--TOPICAL TERM
Topical term or geographic name entry element Calculus.
650 #0 - SUBJECT ADDED ENTRY--TOPICAL TERM
Topical term or geographic name entry element MCE
9 (RLIN) 379
942 ## - ADDED ENTRY ELEMENTS (KOHA)
Source of classification or shelving scheme
Koha item type Book
Holdings
Withdrawn status Lost status Source of classification or shelving scheme Damaged status Not for loan Permanent Location Current Location Date acquired Total Checkouts Full call number Barcode Date last seen Price effective from Koha item type
          Military College of Engineering (MCE) Military College of Engineering (MCE) 03/31/2014   515.1 MAX MCE-1651 03/31/2014 03/31/2014 Book
© 2023 Central Library, National University of Sciences and Technology. All Rights Reserved.